The way of phenomenology : criticism as a philosophical discipline
Αποθηκεύτηκε σε:
| Κύριος συγγραφέας: | |
|---|---|
| Μορφή: | Βιβλίο |
| Γλώσσα: | English |
| Δημοσίευση: |
New York,
Pegasus,
[1970]
|
| Σειρά: | (Pegasus traditions in philosophy)
|
| Θέματα: | |
| Ετικέτες: |
Προσθήκη ετικέτας
Δεν υπάρχουν, Καταχωρήστε ετικέτα πρώτοι!
|
MARC
| LEADER | 00000cam a2200000 a 4500 | ||
|---|---|---|---|
| 001 | 1/113371 | ||
| 008 | 170314s1970####nyu| ||| |||| ||eng|| | ||
| 040 | |a GR-MyUa |b gre |c GR-MyUa |e AACR2 | ||
| 041 | 0 | |a eng | |
| 082 | 7 | |a 142.7 |2 (23) | |
| 100 | 1 | |a Zaner, Richard M. | |
| 245 | 1 | 4 | |a The way of phenomenology : |b criticism as a philosophical discipline / |c Richard M. Zaner. |
| 260 | |a New York, |b Pegasus, |c [1970] | ||
| 300 | |a xv, 223 σ. ; |c 21 εκ. | ||
| 490 | 0 | |a (Pegasus traditions in philosophy) | |
| 504 | |a Περιλαμβάνει βιβλιογραφία. | ||
| 650 | 0 | |a Phenomenology | |
| 852 | |a INST |b LESVOS |e 20170314 |h 142.7 ZAN |p 005100058898 |q 005100058898 |t BK |y 0 | ||
| 970 | |a Τζαφέρη |b Ευαγγελία |z 14-03-2017 | ||